|
|
|
|
| LEADER |
03013nam a2200793 i 4500 |
| 001 |
nkc20203275910 |
| 003 |
CZ PrNK |
| 005 |
20210512145839.0 |
| 007 |
ta |
| 008 |
201217t20202020xr abc e 000 0 cze |
| 015 |
|
|
|a cnb003275910
|
| 020 |
|
|
|a 978-80-270-8947-5
|q (vázáno)
|
| 035 |
|
|
|a (OCoLC)1257529124
|
| 040 |
|
|
|a ABA001
|b cze
|d OLA001
|e rda
|
| 041 |
1 |
|
|a cze
|a ger
|h cze
|
| 043 |
|
|
|a e-xr---
|b e-xr-li
|b e-xr-cc
|a e-gx---
|2 czenas
|
| 045 |
|
|
|a x0x2
|
| 072 |
|
7 |
|a 783
|x Církevní hudba. Duchovní hudba. Náboženská hudba
|2 Konspekt
|9 9
|
| 080 |
|
|
|a 78.079
|2 MRF
|
| 080 |
|
|
|a 783
|2 MRF
|
| 080 |
|
|
|a 78-027.22
|2 MRF
|
| 080 |
|
|
|a (437. 316)
|2 MRF
|
| 080 |
|
|
|a (437.31-17)
|2 MRF
|
| 080 |
|
|
|a (430)
|2 MRF
|
| 080 |
|
|
|a (082.2)
|2 MRF
|
| 100 |
1 |
|
|a Prokeš, Martin,
|d 1973-
|7 jx20051125008
|4 aut
|
| 245 |
1 |
0 |
|a Cestou hudby =
|b Auf den Wegen der Musik /
|c Martin Prokeš ; překlad: Petra Sochová
|
| 246 |
3 |
1 |
|a Auf den Wegen der Musik
|
| 250 |
|
|
|a 1. vydání
|
| 264 |
|
1 |
|a Česká Lípa :
|b Arbor - spolek pro duchovní kulturu,
|c [2020]
|
| 264 |
|
4 |
|c ©2020
|
| 300 |
|
|
|a 119 stran :
|b ilustrace (převážně barevné), 1 mapa, portréty ;
|c 29 cm +
|e 1 CD audio
|
| 336 |
|
|
|a text
|b txt
|2 rdacontent
|
| 336 |
|
|
|a statický obraz
|b sti
|2 rdacontent
|
| 336 |
|
|
|a hraná hudba
|b prm
|2 rdacontent
|
| 337 |
|
|
|a bez média
|b n
|2 rdamedia
|
| 337 |
|
|
|a audio
|b s
|2 rdamedia
|
| 338 |
|
|
|a svazek
|b nc
|2 rdacarrier
|
| 338 |
|
|
|a audiodisk
|b sd
|2 rdacarrier
|
| 500 |
|
|
|a Přeloženo z češtiny?
|
| 500 |
|
|
|a Nad názvem: Lípa Musica, mezinárodní hudební festival
|
| 500 |
|
|
|a Přiložené CD s vlastním názvem: Lípa Musica Sextet
|
| 500 |
|
|
|a 500 výtisků
|
| 546 |
|
|
|a Souběžný německý text
|
| 611 |
2 |
7 |
|a Lípa Musica (festival)
|7 xx0132058
|2 czenas
|
| 648 |
|
4 |
|a 2000-2020
|
| 648 |
|
7 |
|a 21. století
|7 ch460559
|2 czenas
|
| 650 |
0 |
7 |
|a hudební festivaly
|7 ph114723
|z Česko
|y 21. století
|2 czenas
|
| 650 |
0 |
7 |
|a duchovní hudba
|7 ph114372
|2 czenas
|
| 650 |
0 |
7 |
|a hudební život
|7 ph135177
|z Česko
|y 21. století
|2 czenas
|
| 650 |
0 |
7 |
|a hudební život
|7 ph135177
|z Německo
|y 21. století
|2 czenas
|
| 650 |
0 |
9 |
|a music festivals
|z Czechia
|y 21st century
|2 eczenas
|
| 650 |
0 |
9 |
|a sacred music
|2 eczenas
|
| 650 |
0 |
9 |
|a musical life
|z Czechia
|y 21st century
|2 eczenas
|
| 650 |
0 |
9 |
|a musical life
|z Germany
|y 21st century
|2 eczenas
|
| 651 |
|
7 |
|a Česká Lípa (Česko)
|7 ge131692
|2 czenas
|
| 651 |
|
7 |
|a Čechy severní (Česko)
|7 ge131650
|2 czenas
|
| 651 |
|
9 |
|a Česká Lípa (Czechia)
|2 eczenas
|
| 651 |
|
9 |
|a Bohemia, Northern (Czechia)
|2 eczenas
|
| 655 |
|
7 |
|a jubilejní publikace
|7 fd131839
|2 czenas
|
| 655 |
|
9 |
|a jubilee books
|2 eczenas
|
| 700 |
1 |
|
|a Sochová, Petra,
|d 1973-
|7 xx0195406
|4 trl
|
| 711 |
2 |
|
|a Lípa Musica (festival)
|7 xx0132058
|4 oth
|
| 740 |
0 |
2 |
|a Lípa Musica Sextet
|
| 910 |
2 |
|
|a BOA001
|b 4-1463.668
|
| 990 |
|
|
|a BK
|
| 995 |
|
|
|a 01
|
| 991 |
|
|
|b 202105
|c NOV
|
| 996 |
6 |
|
|b 2610862048
|c 4-1463.668
|l MZK
|r Sklad / do 1 hodiny
|n 0
|p p.v.
|w 001847984
|u 000010
|a 1
|e BOA001
|j MZK50
|s P
|